Statistics for UFC - Randy Couture's PPV Opponents

Click here to take the quiz!

General Stats

  • This quiz has been taken 47 times
  • The average score is 13 of 24

Answer Stats

DateEventLocationDivisionOpponent% Correct
June 6, 2003UFC 43Las Vegas, Nevada, USALight HeavyweightChuck Liddell
100%
February 4, 2006UFC 57Las Vegas, Nevada, USALight HeavyweightChuck Liddell
100%
April 16, 2005UFC 52Las Vegas, Nevada, USALight HeavyweightChuck Liddell
100%
September 26, 2003UFC 44Las Vegas, Nevada, USALight HeavyweightTito Ortiz
97%
November 15, 2008UFC 91Las Vegas, Nevada, USAHeavyweightBrock Lesnar
93%
March 3, 2007UFC 68Columbus, Ohio, USAHeavyweightTim Sylvia
76%
April 30, 2011UFC 129Toronto, Ontario, CanadaLight HeavyweightLyoto Machida
66%
January 31, 2004UFC 46Las Vegas, Nevada, USALight HeavyweightVitor Belfort
66%
August 21, 2004UFC 49Las Vegas, Nevada, USALight HeavyweightVitor Belfort
66%
October 17, 1997UFC 15Bay St. Louis, Mississippi, USAHeavyweight (Superfight)Vitor Belfort
66%
November 17, 2000UFC 28Atlantic City, New Jersey, USAHeavyweightKevin Randleman
62%
February 6, 2010UFC 109Las Vegas, Nevada, USALight HeavyweightMark Coleman
59%
March 22, 2002UFC 36Las Vegas, Nevada, USAHeavyweightJosh Barnett
55%
December 21, 1997UFC JapanYokohama, Kanagawa, JapanHeavyweightMaurice Smith
55%
September 27, 2002UFC 39Montville, Connecticut, USAHeavyweightRicco Rodriguez
52%
August 29, 2009UFC 102Portland, Oregon, USAHeavyweightAntônio Rodrigo Nogueira
41%
August 28, 2010UFC 118Boston, Massachusetts, USAHeavyweightJames Toney
41%
August 25, 2007UFC 74Las Vegas, Nevada, USAHeavyweightGabriel Gonzaga
34%
November 2, 2001UFC 34Las Vegas, Nevada, USAHeavyweightPedro Rizzo
24%
May 4, 2001UFC 31Atlantic City, New Jersey, USAHeavyweightPedro Rizzo
24%
November 14, 2009UFC 105Manchester, UKLight HeavyweightBrandon Vera
21%
May 30, 1997UFC 13Augusta, Georgia, USAHeavyweight (Tournament)Tony Halme
14%
August 20, 2005UFC 54Las Vegas, Nevada, USALight HeavyweightMike van Arsdale
3%
May 30, 1997UFC 13Augusta, Georgia, USAHeavyweight (Tournament)Steven Graham
0%

Score Distribution

Percentile by Number Answered

Percent of People with Each Score

Your Score History

You have not taken this quiz